[Event "Biel Chess Festival Master Tournament"]
[Site "Biel/Bienne, Switzerland"]
[Date "2019.07.22"]
[Round "1.5"]
[White "Dauletova, Gulmira"]
[Black "Jumabayev, Rinat"]
[Result "0-1"]
[WhiteElo "2169"]
[BlackElo "2589"]

1. e4 {[%clk 01:29:40]} {[%emt 00:01:19]} c5 {[%clk 01:30:51]} {[%emt
00:00:11]} 2. Nf3 {[%clk 01:29:54]} {[%emt 00:00:15]} d6 {[%clk 01:31:17]}
{[%emt 00:00:04]} 3. d4 {[%clk 01:30:14]} {[%emt 00:00:10]} cxd4 {[%clk
01:31:43]} {[%emt 00:00:04]} 4. Nxd4 {[%clk 01:30:36]} {[%emt 00:00:08]} Nf6
{[%clk 01:32:10]} {[%emt 00:00:02]} 5. Nc3 {[%clk 01:30:56]} {[%emt 00:00:10]}
Nc6 {[%clk 01:31:36]} {[%emt 00:01:05]} 6. f3 {[%clk 01:30:02]} {[%emt
00:01:24]} e6 {[%clk 01:30:29]} {[%emt 00:01:37]} 7. Be3 {[%clk 01:28:50]}
{[%emt 00:01:42]} a6 {[%clk 01:30:53]} {[%emt 00:00:06]} 8. Qd2 {[%clk
01:23:07]} {[%emt 00:06:12]} h5 {[%clk 01:29:47]} {[%emt 00:01:36]} 9. Be2
{[%clk 01:17:49]} {[%emt 00:05:49]} Bd7 {[%clk 01:27:23]} {[%emt 00:02:54]} 10.
a4 {[%clk 00:59:12]} {[%emt 00:19:07]} Rc8 {[%clk 01:23:03]} {[%emt 00:04:51]}
11. Nxc6 {[%clk 00:54:43]} {[%emt 00:04:59]} Bxc6 {[%clk 01:23:07]} {[%emt
00:00:25]} 12. O-O {[%clk 00:52:38]} {[%emt 00:02:34]} Be7 {[%clk 01:09:39]}
{[%emt 00:13:58]} 13. a5 {[%clk 00:47:04]} {[%emt 00:06:06]} d5 {[%clk
00:55:27]} {[%emt 00:14:41]} 14. exd5 {[%clk 00:30:19]} {[%emt 00:17:15]} Nxd5
{[%clk 00:51:13]} {[%emt 00:04:44]} 15. Nxd5 {[%clk 00:30:46]} {[%emt
00:00:02]} Qxd5 {[%clk 00:51:36]} {[%emt 00:00:08]} 16. c4 {[%clk 00:28:59]}
{[%emt 00:02:17]} Qe5 {[%clk 00:46:41]} {[%emt 00:05:24]} 17. Qd4 {[%clk
00:26:51]} {[%emt 00:02:39]} Qf6 {[%clk 00:40:10]} {[%emt 00:07:01]} 18. Qxf6
{[%clk 00:23:05]} {[%emt 00:04:16]} gxf6 {[%clk 00:40:28]} {[%emt 00:00:13]} 19.
Rfd1 {[%clk 00:23:08]} {[%emt 00:00:26]} h4 {[%clk 00:40:35]} {[%emt 00:00:23]}
20. h3 {[%clk 00:18:35]} {[%emt 00:05:03]} Rh5 {[%clk 00:39:29]} {[%emt
00:01:34]} 21. Bf2 {[%clk 00:18:00]} {[%emt 00:01:05]} Bb4 {[%clk 00:39:09]}
{[%emt 00:00:51]} 22. Be1 {[%clk 00:17:47]} {[%emt 00:00:44]} Bc5+ {[%clk
00:31:50]} {[%emt 00:07:49]} 23. Bf2 {[%clk 00:18:15]} {[%emt 00:00:02]} Be7
{[%clk 00:31:40]} {[%emt 00:00:40]} 24. Be1 {[%clk 00:18:30]} {[%emt 00:00:15]}
Bc5+ {[%clk 00:28:44]} {[%emt 00:03:26]} 25. Bf2 {[%clk 00:18:58]} {[%emt
00:00:02]} Bb4 {[%clk 00:29:11]} {[%emt 00:00:03]} 26. Be1 {[%clk 00:19:23]}
{[%emt 00:00:05]} Bxe1 {[%clk 00:29:37]} {[%emt 00:00:04]} 27. Rxe1 {[%clk
00:19:49]} {[%emt 00:00:03]} Rd8 {[%clk 00:29:57]} {[%emt 00:00:10]} 28. Red1
{[%clk 00:19:53]} {[%emt 00:00:26]} Rxd1+ {[%clk 00:27:55]} {[%emt 00:02:33]}
29. Bxd1 {[%clk 00:20:21]} {[%emt 00:00:02]} f5 {[%clk 00:27:10]} {[%emt
00:01:14]} 30. Be2 {[%clk 00:14:46]} {[%emt 00:06:06]} f4 {[%clk 00:27:15]}
{[%emt 00:00:25]} 31. Kf2 {[%clk 00:15:12]} {[%emt 00:00:03]} Kd7 {[%clk
00:26:34]} {[%emt 00:01:11]} 32. b4 {[%clk 00:14:39]} {[%emt 00:01:04]} Kc7
{[%clk 00:26:58]} {[%emt 00:00:06]} 33. Rd1 {[%clk 00:11:49]} {[%emt 00:03:19]}
Bd7 {[%clk 00:26:09]} {[%emt 00:01:18]} 34. Bf1 {[%clk 00:04:23]} {[%emt
00:07:58]} Rg5 {[%clk 00:25:38]} {[%emt 00:01:01]} 35. Rd4 {[%clk 00:04:21]}
{[%emt 00:00:32]} e5 {[%clk 00:25:29]} {[%emt 00:00:39]} 36. Re4 {[%clk
00:02:54]} {[%emt 00:01:56]} f6 {[%clk 00:23:45]} {[%emt 00:02:15]} 37. Re1
{[%clk 00:03:15]} {[%emt 00:00:09]} Rg8 {[%clk 00:21:40]} {[%emt 00:02:34]} 38.
Rd1 {[%clk 00:02:52]} {[%emt 00:00:54]} Re8 {[%clk 00:21:54]} {[%emt 00:00:15]}
39. Bd3 {[%clk 00:02:45]} {[%emt 00:00:37]} f5 {[%clk 00:06:24]} {[%emt
00:15:54]} 40. Re1 {[%clk 00:03:10]} {[%emt 00:00:11]} Kd6 {[%clk 00:06:32]}
{[%emt 00:00:23]} 41. Rd1 {[%clk 00:28:03]} {[%emt 00:05:37]} Ke7 {[%clk
00:35:25]} {[%emt 00:01:35]} 42. Rb1 {[%clk 00:25:11]} {[%emt 00:03:23]} Kf6
{[%clk 00:27:03]} {[%emt 00:08:52]} 43. b5 {[%clk 00:22:35]} {[%emt 00:03:07]}
e4 {[%clk 00:26:59]} {[%emt 00:00:34]} 44. Be2 {[%clk 00:22:47]} {[%emt
00:00:17]} e3+ {[%clk 00:20:51]} {[%emt 00:06:38]} 45. Ke1 {[%clk 00:22:15]}
{[%emt 00:01:02]} Rg8 {[%clk 00:21:09]} {[%emt 00:00:12]} 46. bxa6 {[%clk
00:17:14]} {[%emt 00:05:33]} bxa6 {[%clk 00:21:16]} {[%emt 00:00:22]} 47. Rb6+
{[%clk 00:17:42]} {[%emt 00:00:02]} Ke5 {[%clk 00:21:37]} {[%emt 00:00:08]} 48.
Bf1 {[%clk 00:15:52]} {[%emt 00:02:21]} Rd8 {[%clk 00:11:40]} {[%emt 00:10:26]}
49. c5 {[%clk 00:11:57]} {[%emt 00:04:26]} Ba4 {[%clk 00:10:41]} {[%emt
00:01:28]} 50. Rb1 {[%clk 00:06:34]} {[%emt 00:05:53]} Rd2 {[%clk 00:08:31]}
{[%emt 00:02:40]} 51. Rc1 {[%clk 00:05:23]} {[%emt 00:01:43]} Bc6 {[%clk
00:07:33]} {[%emt 00:01:26]} 52. Ra1 {[%clk 00:04:27]} {[%emt 00:01:26]} Rf2
{[%clk 00:04:35]} {[%emt 00:03:29]} 53. Ra3 {[%clk 00:04:07]} {[%emt 00:00:50]}
Kd4 {[%clk 00:04:38]} {[%emt 00:00:23]} 54. Rb3 {[%clk 00:00:47]} {[%emt
00:03:53]} Kxc5 {[%clk 00:04:06]} {[%emt 00:01:03]} 55. Bxa6 {[%clk 00:00:53]}
{[%emt 00:00:24]} Rxg2 {[%clk 00:04:30]} {[%emt 00:00:05]} 56. Bf1 {[%clk
00:00:58]} {[%emt 00:00:25]} Ra2 {[%clk 00:04:35]} {[%emt 00:00:25]} 57. Bd3
{[%clk 00:01:06]} {[%emt 00:00:23]} Rxa5 {[%clk 00:04:27]} {[%emt 00:00:38]} 58.
Bxf5 {[%clk 00:00:38]} {[%emt 00:00:58]} Bxf3 {[%clk 00:04:45]} {[%emt
00:00:11]} 59. Rb1 {[%clk 00:00:38]} {[%emt 00:00:29]} Kd4 {[%clk 00:04:38]}
{[%emt 00:00:38]} 60. Be6 {[%clk 00:00:37]} {[%emt 00:00:32]} Rg5 {[%clk
00:04:32]} {[%emt 00:00:33]} 61. Bg4 {[%clk 00:00:49]} {[%emt 00:00:20]} Bxg4
{[%clk 00:04:48]} {[%emt 00:00:15]} 62. Rb4+ {[%clk 00:01:13]} {[%emt
00:00:06]} Kd3 {[%clk 00:04:56]} 0-1

[Event "Biel Chess Festival Master Tournament"]
[Site "Biel/Bienne, Switzerland"]
[Date "2019.07.22"]
[Round "1.11"]
[White "Ludwig, Peter"]
[Black "Gopal, G.N."]
[Result "0-1"]
[WhiteElo "2207"]
[BlackElo "2594"]

1. Nf3 {[%clk 01:30:33]} {[%emt 00:00:26]} c5 {[%clk 01:30:55]} {[%emt
00:00:06]} 2. c4 {[%clk 01:30:47]} {[%emt 00:00:15]} Nc6 {[%clk 01:30:46]}
{[%emt 00:00:40]} 3. Nc3 {[%clk 01:29:49]} {[%emt 00:01:27]} Nf6 {[%clk
01:26:19]} {[%emt 00:04:58]} 4. g3 {[%clk 01:28:07]} {[%emt 00:02:11]} g6
{[%clk 01:25:14]} {[%emt 00:01:36]} 5. Bg2 {[%clk 01:28:22]} {[%emt 00:00:15]}
d6 {[%clk 01:22:52]} {[%emt 00:02:52]} 6. O-O {[%clk 01:27:31]} {[%emt
00:01:19]} Bg7 {[%clk 01:23:18]} {[%emt 00:00:06]} 7. a3 {[%clk 01:25:47]}
{[%emt 00:02:14]} O-O {[%clk 01:21:27]} {[%emt 00:02:21]} 8. Rb1 {[%clk
01:26:11]} {[%emt 00:00:05]} Bf5 {[%clk 01:16:20]} {[%emt 00:05:38]} 9. d3
{[%clk 01:25:57]} {[%emt 00:00:43]} Qd7 {[%clk 01:16:47]} {[%emt 00:00:04]} 10.
b4 {[%clk 01:24:59]} {[%emt 00:01:27]} Rac8 {[%clk 00:58:41]} {[%emt 00:18:37]}
11. bxc5 {[%clk 01:23:37]} {[%emt 00:01:52]} dxc5 {[%clk 00:59:06]} {[%emt
00:00:05]} 12. Nd5 {[%clk 01:18:03]} {[%emt 00:06:04]} b6 {[%clk 00:48:38]}
{[%emt 00:10:58]} 13. Bb2 {[%clk 01:11:02]} {[%emt 00:07:31]} Nxd5 {[%clk
00:48:35]} {[%emt 00:00:34]} 14. cxd5 {[%clk 01:09:33]} {[%emt 00:01:58]} Nd4
{[%clk 00:48:31]} {[%emt 00:00:33]} 15. Nxd4 {[%clk 01:05:39]} {[%emt
00:04:24]} cxd4 {[%clk 00:47:54]} {[%emt 00:01:08]} 16. Qb3 {[%clk 00:49:43]}
{[%emt 00:16:25]} Rc5 {[%clk 00:39:28]} {[%emt 00:08:57]} 17. Rfc1 {[%clk
00:46:55]} {[%emt 00:03:17]} Rfc8 {[%clk 00:39:48]} {[%emt 00:00:11]} 18. a4
{[%clk 00:39:53]} {[%emt 00:07:32]} h5 {[%clk 00:26:34]} {[%emt 00:13:45]} 19.
h4 {[%clk 00:37:13]} {[%emt 00:03:08]} Bg4 {[%clk 00:25:57]} {[%emt 00:01:08]}
20. Kf1 {[%clk 00:36:41]} {[%emt 00:01:02]} Bh3 {[%clk 00:24:10]} {[%emt
00:02:17]} 21. Bxh3 {[%clk 00:28:13]} {[%emt 00:08:58]} Qxh3+ {[%clk 00:22:32]}
{[%emt 00:02:08]} 22. Kg1 {[%clk 00:28:37]} {[%emt 00:00:05]} g5 {[%clk
00:16:00]} {[%emt 00:07:02]} 23. Rxc5 {[%clk 00:25:12]} {[%emt 00:03:56]} Rxc5
{[%clk 00:16:26]} {[%emt 00:00:04]} 24. hxg5 {[%clk 00:24:42]} {[%emt
00:01:00]} h4 {[%clk 00:16:31]} {[%emt 00:00:24]} 25. g6 {[%clk 00:19:51]}
{[%emt 00:05:21]} hxg3 {[%clk 00:16:42]} {[%emt 00:00:19]} 26. gxf7+ {[%clk
00:20:12]} {[%emt 00:00:09]} Kf8 {[%clk 00:16:11]} {[%emt 00:01:01]} 27. fxg3
{[%clk 00:20:30]} {[%emt 00:00:12]} Be5 {[%clk 00:14:32]} {[%emt 00:02:09]} 28.
Ba3 {[%clk 00:19:00]} {[%emt 00:02:00]} Bxg3 {[%clk 00:14:37]} {[%emt
00:00:25]} 0-1

[Event "Biel Chess Festival Master Tournament"]
[Site "Biel/Bienne, Switzerland"]
[Date "2019.07.22"]
[Round "1.19"]
[White "Damianou, Ioannis"]
[Black "Brkic, Ante"]
[Result "0-1"]
[WhiteElo "2154"]
[BlackElo "2573"]

1. e4 {[%clk 01:30:57]} {[%emt 00:00:01]} c5 {[%clk 01:29:39]} {[%emt
00:01:21]} 2. Nf3 {[%clk 01:31:16]} {[%emt 00:00:12]} d6 {[%clk 01:30:00]}
{[%emt 00:00:09]} 3. d4 {[%clk 01:31:18]} {[%emt 00:00:27]} cxd4 {[%clk
01:30:24]} {[%emt 00:00:05]} 4. Nxd4 {[%clk 01:31:44]} {[%emt 00:00:04]} Nf6
{[%clk 01:30:50]} {[%emt 00:00:04]} 5. Nc3 {[%clk 01:32:09]} {[%emt 00:00:05]}
a6 {[%clk 01:30:50]} {[%emt 00:00:30]} 6. h3 {[%clk 01:31:16]} {[%emt
00:01:23]} e6 {[%clk 01:29:01]} {[%emt 00:02:19]} 7. g4 {[%clk 01:30:49]}
{[%emt 00:00:58]} h6 {[%clk 01:29:19]} {[%emt 00:00:12]} 8. Bg2 {[%clk
01:28:53]} {[%emt 00:02:26]} Be7 {[%clk 01:29:35]} {[%emt 00:00:13]} 9. Be3
{[%clk 01:28:42]} {[%emt 00:00:42]} Nc6 {[%clk 01:29:43]} {[%emt 00:00:22]} 10.
Qd2 {[%clk 01:25:08]} {[%emt 00:04:04]} Nxd4 {[%clk 01:26:52]} {[%emt
00:03:21]} 11. Qxd4 {[%clk 01:21:34]} {[%emt 00:04:04]} e5 {[%clk 01:27:15]}
{[%emt 00:00:06]} 12. Qd2 {[%clk 01:17:10]} {[%emt 00:04:54]} b5 {[%clk
01:24:13]} {[%emt 00:03:32]} 13. a3 {[%clk 01:06:29]} {[%emt 00:11:11]} Be6
{[%clk 01:19:14]} {[%emt 00:05:26]} 14. O-O-O {[%clk 01:02:21]} {[%emt
00:04:40]} Nd7 {[%clk 01:09:37]} {[%emt 00:10:07]} 15. f4 {[%clk 00:44:35]}
{[%emt 00:18:17]} exf4 {[%clk 00:58:38]} {[%emt 00:11:29]} 16. Bxf4 {[%clk
00:44:58]} {[%emt 00:00:06]} Ne5 {[%clk 00:58:48]} {[%emt 00:00:20]} 17. Nd5
{[%clk 00:31:37]} {[%emt 00:13:51]} Nc4 {[%clk 00:47:24]} {[%emt 00:11:54]} 18.
Qd4 {[%clk 00:26:59]} {[%emt 00:05:09]} Bxd5 {[%clk 00:45:14]} {[%emt
00:02:40]} 19. Qxd5 {[%clk 00:27:10]} {[%emt 00:00:19]} Rc8 {[%clk 00:41:28]}
{[%emt 00:04:15]} 20. e5 {[%clk 00:20:55]} {[%emt 00:06:46]} dxe5 {[%clk
00:25:32]} {[%emt 00:16:26]} 21. Bxe5 {[%clk 00:16:18]} {[%emt 00:05:06]} Qxd5
{[%clk 00:25:37]} {[%emt 00:00:25]} 22. Rxd5 {[%clk 00:16:42]} {[%emt
00:00:06]} O-O {[%clk 00:18:07]} {[%emt 00:08:00]} 23. Kb1 {[%clk 00:09:59]}
{[%emt 00:07:14]} Rfe8 {[%clk 00:15:07]} {[%emt 00:03:30]} 24. Bd4 {[%clk
00:07:19]} {[%emt 00:03:09]} Bh4 {[%clk 00:11:39]} {[%emt 00:03:57]} 25. Rd7
{[%clk 00:06:56]} {[%emt 00:00:54]} Red8 {[%clk 00:04:51]} {[%emt 00:07:19]} 26.
Rxd8+ {[%clk 00:07:02]} {[%emt 00:00:24]} Rxd8 {[%clk 00:05:18]} {[%emt
00:00:03]} 27. Bc3 {[%clk 00:05:33]} {[%emt 00:01:59]} Rd6 {[%clk 00:05:19]}
{[%emt 00:00:28]} 28. b3 {[%clk 00:03:57]} {[%emt 00:02:06]} Ne3 {[%clk
00:04:11]} {[%emt 00:01:38]} 29. Be4 {[%clk 00:04:11]} {[%emt 00:00:16]} Nd1
{[%clk 00:03:49]} {[%emt 00:00:51]} 30. Bb4 {[%clk 00:03:21]} {[%emt 00:01:21]}
Rd7 {[%clk 00:02:17]} {[%emt 00:02:02]} 31. Bf3 {[%clk 00:02:56]} {[%emt
00:00:55]} Ne3 {[%clk 00:01:37]} {[%emt 00:01:10]} 32. Rh2 {[%clk 00:02:50]}
{[%emt 00:00:36]} Nf1 {[%clk 00:00:59]} {[%emt 00:01:08]} 33. Rg2 {[%clk
00:02:08]} {[%emt 00:01:12]} Bg5 {[%clk 00:01:03]} {[%emt 00:00:26]} 34. Rf2
{[%clk 00:02:11]} {[%emt 00:00:27]} Nd2+ {[%clk 00:01:00]} {[%emt 00:00:33]} 35.
Bxd2 {[%clk 00:02:12]} {[%emt 00:00:29]} Bxd2 {[%clk 00:01:27]} {[%emt
00:00:02]} 36. Kb2 {[%clk 00:01:04]} {[%emt 00:01:39]} Bg5 {[%clk 00:01:19]}
{[%emt 00:00:38]} 37. c4 {[%clk 00:00:54]} {[%emt 00:00:40]} bxc4 {[%clk
00:00:48]} {[%emt 00:01:01]} 38. bxc4 {[%clk 00:01:19]} {[%emt 00:00:05]} Rd3
{[%clk 00:01:10]} {[%emt 00:00:06]} 39. a4 {[%clk 00:00:40]} {[%emt 00:01:11]}
Bf6+ {[%clk 00:00:35]} {[%emt 00:01:05]} 40. Ka2 {[%clk 00:00:31]} {[%emt
00:00:40]} Rc3 {[%clk 00:00:45]} {[%emt 00:00:19]} 41. Bd5 {[%clk 00:28:50]}
{[%emt 00:03:14]} Rxh3 {[%clk 00:29:02]} {[%emt 00:02:12]} 42. Rc2 {[%clk
00:25:03]} {[%emt 00:04:18]} Rd3 {[%clk 00:26:42]} {[%emt 00:02:50]} 43. Bb7
{[%clk 00:23:51]} {[%emt 00:01:42]} a5 {[%clk 00:26:03]} {[%emt 00:01:10]} 44.
Bd5 {[%clk 00:19:41]} {[%emt 00:04:40]} Kf8 {[%clk 00:24:27]} {[%emt 00:02:05]}
45. Re2 {[%clk 00:19:22]} {[%emt 00:00:49]} Rd4 {[%clk 00:22:25]} {[%emt
00:02:32]} 46. Re4 {[%clk 00:18:21]} {[%emt 00:01:31]} Rd3 {[%clk 00:18:32]}
{[%emt 00:04:24]} 47. Kb1 {[%clk 00:15:52]} {[%emt 00:03:00]} g6 {[%clk
00:13:58]} {[%emt 00:05:03]} 48. Kc2 {[%clk 00:16:07]} {[%emt 00:00:15]} Ra3
{[%clk 00:14:18]} {[%emt 00:00:09]} 49. Bc6 {[%clk 00:16:30]} {[%emt 00:00:07]}
Be7 {[%clk 00:10:54]} {[%emt 00:03:54]} 50. Kd2 {[%clk 00:15:08]} {[%emt
00:01:53]} Bc5 {[%clk 00:09:47]} {[%emt 00:01:36]} 51. Ke2 {[%clk 00:13:24]}
{[%emt 00:02:15]} Kg7 {[%clk 00:10:16]} {[%emt 00:00:01]} 52. Re5 {[%clk
00:13:22]} {[%emt 00:00:32]} Bb4 {[%clk 00:10:25]} {[%emt 00:00:20]} 53. Bb5
{[%clk 00:13:00]} {[%emt 00:00:53]} Kf6 {[%clk 00:10:06]} {[%emt 00:00:49]} 54.
Rd5 {[%clk 00:12:49]} {[%emt 00:00:41]} Rc3 {[%clk 00:09:51]} {[%emt 00:00:45]}
55. Kf2 {[%clk 00:12:50]} {[%emt 00:00:29]} Ke6 {[%clk 00:10:02]} {[%emt
00:00:18]} 56. Bd7+ {[%clk 00:13:00]} {[%emt 00:00:21]} Ke7 {[%clk 00:10:14]}
{[%emt 00:00:18]} 57. Bb5 {[%clk 00:13:23]} {[%emt 00:00:06]} Bd6 {[%clk
00:09:56]} {[%emt 00:00:47]} 58. Ba6 {[%clk 00:12:08]} {[%emt 00:01:45]} Bb4
{[%clk 00:09:49]} {[%emt 00:00:37]} 59. Bb5 {[%clk 00:12:32]} {[%emt 00:00:07]}
f5 {[%clk 00:04:52]} {[%emt 00:05:28]} 60. gxf5 {[%clk 00:12:19]} {[%emt
00:00:43]} g5 {[%clk 00:05:21]} 61. Re5+ {[%clk 00:10:39]} {[%emt 00:02:11]}
Kf6 {[%clk 00:05:49]} {[%emt 00:00:02]} 62. Re6+ {[%clk 00:10:58]} {[%emt
00:00:11]} Kxf5 {[%clk 00:06:16]} {[%emt 00:00:03]} 63. Rxh6 {[%clk 00:11:05]}
{[%emt 00:00:23]} g4 {[%clk 00:06:43]} {[%emt 00:00:02]} 64. Bd7+ {[%clk
00:07:58]} {[%emt 00:03:38]} Kg5 {[%clk 00:07:04]} {[%emt 00:00:08]} 65. Rc6
{[%clk 00:08:22]} {[%emt 00:00:07]} Rc2+ {[%clk 00:06:34]} {[%emt 00:00:59]} 66.
Kf1 {[%clk 00:07:33]} {[%emt 00:01:19]} g3 {[%clk 00:04:30]} {[%emt 00:02:33]}
67. Rc8 {[%clk 00:06:12]} {[%emt 00:01:53]} g2+ {[%clk 00:02:19]} {[%emt
00:02:41]} 68. Kg1 {[%clk 00:06:36]} {[%emt 00:00:06]} Kf4 {[%clk 00:02:34]}
{[%emt 00:00:15]} 69. Be6 {[%clk 00:05:14]} {[%emt 00:01:52]} Bc3 {[%clk
00:02:08]} {[%emt 00:00:55]} 70. Rd8 {[%clk 00:02:00]} {[%emt 00:03:44]} Ke5
{[%clk 00:02:27]} {[%emt 00:00:11]} 71. Bh3 {[%clk 00:01:55]} {[%emt 00:00:35]}
Bd4+ {[%clk 00:02:43]} {[%emt 00:00:14]} 72. Rxd4 {[%clk 00:02:19]} {[%emt
00:00:07]} Kxd4 {[%clk 00:03:09]} {[%emt 00:00:03]} 73. Bxg2 {[%clk 00:02:42]}
{[%emt 00:00:07]} Rxc4 {[%clk 00:03:29]} {[%emt 00:00:10]} 74. Kf2 {[%clk
00:01:58]} {[%emt 00:01:15]} Rxa4 {[%clk 00:03:54]} {[%emt 00:00:05]} 75. Bc6
{[%clk 00:02:20]} {[%emt 00:00:08]} Ra2+ {[%clk 00:04:11]} {[%emt 00:00:13]} 76.
Ke1 {[%clk 00:02:46]} {[%emt 00:00:04]} a4 {[%clk 00:04:30]} {[%emt 00:00:11]}
77. Kd1 {[%clk 00:02:48]} {[%emt 00:00:28]} Kc3 {[%clk 00:04:50]} 0-1

[Event "Biel Chess Festival Master Tournament"]
[Site "Biel/Bienne, Switzerland"]
[Date "2019.07.23"]
[Round "2.9"]
[White "Erdos, Viktor"]
[Black "Low, Zhen Yu Cyrus"]
[Result "1-0"]
[WhiteElo "2607"]
[BlackElo "2155"]

1. Nf3 {[%clk 01:29:05]} {[%emt 00:01:53]} Nf6 {[%clk 01:30:51]} {[%emt
00:00:09]} 2. c4 {[%clk 01:29:30]} {[%emt 00:00:06]} e6 {[%clk 01:31:15]}
{[%emt 00:00:06]} 3. d4 {[%clk 01:28:46]} {[%emt 00:01:14]} d5 {[%clk
01:31:37]} {[%emt 00:00:09]} 4. Bg5 {[%clk 01:28:22]} {[%emt 00:00:52]} h6
{[%clk 01:32:00]} {[%emt 00:00:08]} 5. Bxf6 {[%clk 01:28:46]} {[%emt 00:00:06]}
Qxf6 {[%clk 01:32:25]} {[%emt 00:00:06]} 6. e3 {[%clk 01:28:48]} {[%emt
00:00:27]} g6 {[%clk 01:31:57]} {[%emt 00:00:59]} 7. Qb3 {[%clk 01:27:56]}
{[%emt 00:01:21]} c6 {[%clk 01:30:46]} {[%emt 00:01:42]} 8. Nbd2 {[%clk
01:25:59]} {[%emt 00:02:26]} Nd7 {[%clk 01:27:23]} {[%emt 00:03:53]} 9. Bd3
{[%clk 01:25:59]} {[%emt 00:00:30]} Bg7 {[%clk 01:27:33]} {[%emt 00:00:19]} 10.
O-O {[%clk 01:26:09]} {[%emt 00:00:21]} O-O {[%clk 01:27:45]} {[%emt 00:00:18]}
11. Rac1 {[%clk 01:26:15]} {[%emt 00:00:23]} b6 {[%clk 01:14:39]} {[%emt
00:13:37]} 12. cxd5 {[%clk 01:15:13]} {[%emt 00:11:32]} exd5 {[%clk 01:14:55]}
{[%emt 00:00:14]} 13. Qa4 {[%clk 01:15:22]} {[%emt 00:00:21]} c5 {[%clk
01:08:15]} {[%emt 00:07:10]} 14. Ba6 {[%clk 00:44:38]} {[%emt 00:31:14]} Qe6
{[%clk 00:52:59]} {[%emt 00:15:46]} 15. Rc2 {[%clk 00:42:28]} {[%emt 00:02:40]}
Bxa6 {[%clk 00:41:33]} {[%emt 00:11:56]} 16. Qxa6 {[%clk 00:42:36]} {[%emt
00:00:22]} cxd4 {[%clk 00:41:58]} {[%emt 00:00:05]} 17. exd4 {[%clk 00:42:31]}
{[%emt 00:00:35]} Nf6 {[%clk 00:42:22]} {[%emt 00:00:06]} 18. Rc7 {[%clk
00:31:18]} {[%emt 00:11:43]} Ne4 {[%clk 00:40:22]} {[%emt 00:02:30]} 19. Nb3
{[%clk 00:31:42]} {[%emt 00:00:06]} Rfc8 {[%clk 00:21:56]} {[%emt 00:18:56]} 20.
Rfc1 {[%clk 00:30:19]} {[%emt 00:01:53]} Nd6 {[%clk 00:21:19]} {[%emt
00:01:07]} 21. Rxc8+ {[%clk 00:23:03]} {[%emt 00:07:46]} Rxc8 {[%clk 00:21:24]}
{[%emt 00:00:24]} 22. Rxc8+ {[%clk 00:21:50]} {[%emt 00:01:43]} Qxc8 {[%clk
00:21:32]} {[%emt 00:00:22]} 23. Qxc8+ {[%clk 00:20:45]} {[%emt 00:01:36]} Nxc8
{[%clk 00:22:01]} {[%emt 00:00:01]} 24. Na1 {[%clk 00:21:02]} {[%emt 00:00:13]}
Kf8 {[%clk 00:21:19]} {[%emt 00:01:12]} 25. Nc2 {[%clk 00:20:53]} {[%emt
00:00:38]} Ke7 {[%clk 00:21:42]} {[%emt 00:00:08]} 26. Kf1 {[%clk 00:21:06]}
{[%emt 00:00:16]} Kd6 {[%clk 00:20:53]} {[%emt 00:01:19]} 27. Ke2 {[%clk
00:21:26]} {[%emt 00:00:10]} Ne7 {[%clk 00:21:16]} {[%emt 00:00:07]} 28. Na3
{[%clk 00:19:15]} {[%emt 00:02:41]} a6 {[%clk 00:20:33]} {[%emt 00:01:14]} 29.
Nc2 {[%clk 00:19:36]} {[%emt 00:00:09]} Nc6 {[%clk 00:20:57]} {[%emt 00:00:06]}
30. Ke3 {[%clk 00:18:40]} {[%emt 00:01:25]} Ke6 {[%clk 00:20:44]} {[%emt
00:00:44]} 31. h3 {[%clk 00:18:45]} {[%emt 00:00:25]} Bf6 {[%clk 00:20:29]}
{[%emt 00:00:45]} 32. Kd3 {[%clk 00:17:29]} {[%emt 00:01:46]} Kd6 {[%clk
00:20:30]} {[%emt 00:00:29]} 33. Ng1 {[%clk 00:17:23]} {[%emt 00:00:31]} Bg7
{[%clk 00:19:40]} {[%emt 00:01:24]} 34. f4 {[%clk 00:15:16]} {[%emt 00:02:37]}
Ke6 {[%clk 00:15:04]} {[%emt 00:05:06]} 35. Nf3 {[%clk 00:12:37]} {[%emt
00:03:09]} Ne7 {[%clk 00:15:17]} {[%emt 00:00:17]} 36. Ne3 {[%clk 00:07:28]}
{[%emt 00:05:38]} Nc8 {[%clk 00:12:53]} {[%emt 00:02:56]} 37. g4 {[%clk
00:06:38]} {[%emt 00:01:20]} Nd6 {[%clk 00:13:04]} {[%emt 00:00:18]} 38. Nh4
{[%clk 00:04:39]} {[%emt 00:02:28]} Ne4 {[%clk 00:07:16]} {[%emt 00:06:19]} 39.
f5+ {[%clk 00:05:05]} {[%emt 00:00:05]} gxf5 {[%clk 00:07:41]} {[%emt
00:00:05]} 40. Nhxf5 {[%clk 00:04:41]} {[%emt 00:00:54]} Bf6 {[%clk 00:05:47]}
{[%emt 00:02:23]} 41. Nxd5 {[%clk 00:23:49]} {[%emt 00:11:23]} Nf2+ {[%clk
00:32:01]} {[%emt 00:04:16]} 42. Kc4 {[%clk 00:24:05]} {[%emt 00:00:14]} b5+
{[%clk 00:31:09]} {[%emt 00:01:22]} 43. Kc5 {[%clk 00:24:31]} {[%emt 00:00:04]}
Bd8 {[%clk 00:31:25]} {[%emt 00:00:14]} 44. Kc6 {[%clk 00:20:32]} {[%emt
00:04:29]} Kxd5+ {[%emt 00:03:45]} 1-0